| 000 | 00589nam a22001577a 4500 | ||
|---|---|---|---|
| 003 | macl | ||
| 005 | 20250801114413.0 | ||
| 008 | 250801b |||||||| |||| 00| 0 eng d | ||
| 040 | _cmacl | ||
| 082 | _a720 | ||
| 100 | _aमनोहर पाण्डेय | ||
| 245 | _aMAGBOOK कला एवं संस्कृति राज्य एवं अन्य प्रतियोगी परीक्षाओं के लिए अत्यन्त उपयोगी | ||
| 260 |
_aमेरठ _bArihant _c2025 |
||
| 650 | _aकला | ||
| 942 |
_2ddc _cC. BOOKS |
||
| 999 |
_c68057 _d68057 |
||